000 00592nam a22001937a 4500
005 20220714091738.0
008 220714b ||||| |||| 00| 0 eng d
040 _cAL
041 _aEnglish
082 _223
_a940.284
_bSHAK
100 _aMuhammad Muhammadi Ray Shahri
_948921
245 _aKey to the Continuity of Revolution: In Nahji Al Balaghah
260 _aTehran
_bFoundation Islamic Thought
300 _a131 p.
_bPB
_c21x14.2 cm.
650 _aRevolution
_948922
700 _aSHAHRI (Muhammad Muhammadi Ray)
_948923
700 _aAFGHANI (Ali Reza) Tr
_948924
942 _2ddc
_cGF
999 _c223749
_d223749